000 00533nam a2200181Ia 4500
999 _c14316
_d14316
003 OSt
005 20201019102314.0
008 190216s9999||||xx |||||||||||||| ||und||
020 _a9780393971576
040 _coclc
082 _a305.409034
_bFUL/W
100 _aFuller, Margaret
_95868
245 0 _aWoman In The Ninteenth Century /
_cMargaret Fuller
260 _bWw Norton & Company,
_aNew York:
_c1997.
300 _a308p
650 _aEnglish
942 _cBK
_2ddc
_h305.409034
_iFUL/W
_k305.409034
_mFUL/W